| 000 | 00839nam a2200241 a 4500 | ||
|---|---|---|---|
| 001 | BRCA_4529 | ||
| 005 | 20190320204714.0 | ||
| 008 | s1988 s1988----mx-a######---#000-0#spa-# | ||
| 020 | _a9688350648 | ||
| 041 | _aspa | ||
| 044 | _amx | ||
| 050 | 4 |
_aPQ6352 _b.F32 1988 |
|
| 100 | 1 |
_aFabela, Isidro _d1882-1964 _911473 |
|
| 245 | 1 | 0 |
_aA mi señor Don Quijote _cIsidro Fabela ; ilustraciones y capitulares de Augusto Fernández. |
| 250 | _a2a ed. | ||
| 260 |
_aMéxico _bInstituto Mexiquense de Cultura : Universidad Autónoma del Estado de Mexico _c1988 |
||
| 300 |
_a100 p. _bil. _c21 cm. |
||
| 440 | 0 |
_aUAEM, IMC Coediciones _v2 _911474 |
|
| 600 | 1 | 4 |
_aCervantes Saavedra, Miguel de _d1547-1616 _tEl Ingenioso Hidalgo Don Quijote de la Mancha _911475 |
| 700 | 1 |
_aFernández, Augusto _eIlustrador _911476 |
|
| 902 | _aCERV | ||
| 942 |
_2lcc _cB |
||
| 999 |
_c4235 _d4235 |
||